00465nam a2200145Ia 4500020001800000082002400018100002000042245003600062260004000098300001300138504003600151650005100187650004100238650004000279 a9788178313009 a338.272809624 DAS-S aDash, Sandipani 0aSudan's oil diplomacy 1991-2003 aNew DelhibManak Publicationsc2012 axvi, 317 aincludes bibliography and index aPetroleumvPolitical aspectszSudanz1991-2003 aPetroleum industryzSudanz1991-2003 aSudanvForeign relationsz1991-2003